Vista normal
Vista MARC
Entrada Topical Term
Número de registros utilizados en: 2
001 - CONTROL NUMBER
- control field: 40957
003 - CONTROL NUMBER IDENTIFIER
- control field: OSt
005 - DATE AND TIME OF LATEST TRANSACTION
- control field: 20211006105722.0
008 - FIXED-LENGTH DATA ELEMENTS
- fixed length control field: 211006|| aca||aabn | a|a d
040 ## - CATALOGING SOURCE
- Original cataloging agency: OSt
- Transcribing agency: OSt
150 ## - HEADING--TOPICAL TERM
- Topical term or geographic name entry element: Café
- General subdivision: producción
670 ## - SOURCE DATA FOUND
- Source citation: Work cat.: (OSt)12641: Colombia. Ministerio de Hacienda y Crédito Público 7620, El negocio cafetero ante el mercado libre : , 1994.